Un maldito derecho : (Registro nro. 173214)
[ vista simple ]
| 000 -LEADER | |
|---|---|
| fixed length control field | 01612nam a2200385 i 4500 |
| 001 - CONTROL NUMBER | |
| control field | 2019397263 |
| 006 - FIXED-LENGTH DATA ELEMENTS--ADDITIONAL MATERIAL CHARACTERISTICS--GENERAL INFORMATION | |
| fixed length control field | m o d |
| 007 - PHYSICAL DESCRIPTION FIXED FIELD--GENERAL INFORMATION | |
| fixed length control field | cr un ---uuuua |
| 008 - FIXED-LENGTH DATA ELEMENTS--GENERAL INFORMATION | |
| fixed length control field | 190501s2017 ag ob 000 0 spa d |
| 010 ## - LIBRARY OF CONGRESS CONTROL NUMBER | |
| LC control number | 2019397263 |
| 020 ## - INTERNATIONAL STANDARD BOOK NUMBER | |
| International Standard Book Number | 9789873620348 |
| Qualifying information | (paperback) |
| 020 ## - INTERNATIONAL STANDARD BOOK NUMBER | |
| International Standard Book Number | 9789873620638 |
| Qualifying information | (digital) |
| 035 ## - | |
| -- | 40421 |
| 040 ## - CATALOGING SOURCE | |
| Original cataloging agency | UtOrBLW |
| Language of cataloging | eng |
| Description conventions | rda |
| Transcribing agency | UtOrBLW |
| 042 ## - | |
| -- | lccopycat |
| 043 ## - | |
| -- | s-ag--- |
| 050 00 - | |
| -- | KHA6237.3 |
| -- | .C36 2017 |
| 082 04 - | |
| -- | 342.8211 |
| -- | 23 |
| 100 1# - MAIN ENTRY--PERSONAL NAME | |
| Personal name | Candioti, Magdalena, |
| Relator term | author. |
| 245 13 - TITLE STATEMENT | |
| Title | Un maldito derecho : |
| Remainder of title | leyes, jueces y revolución en la Buenos Aires republicana, 1810-1830 / |
| Statement of responsibility, etc | Magdalena Candioti. |
| 250 ## - | |
| -- | 1a. ed. en español. |
| 264 #1 - | |
| -- | CABA, Argentina : |
| -- | Ediciones Didot, |
| -- | [2017] |
| 300 ## - PHYSICAL DESCRIPTION | |
| Extent | 1 online resource (260 pages) |
| 336 ## - | |
| -- | text |
| -- | txt |
| -- | rdacontent |
| 337 ## - | |
| -- | computer |
| -- | c |
| -- | rdamedia |
| 338 ## - | |
| -- | online resource |
| -- | cr |
| -- | rdacarrier |
| 504 ## - BIBLIOGRAPHY, ETC. NOTE | |
| Bibliography, etc | Includes bibliographical references (pages 237-260). |
| 505 0# - FORMATTED CONTENTS NOTE | |
| Formatted contents note | La revolución jurídico-política: retórica y diseños institucionales para la nueva república -- La revolución erudita: juristas repensando el derecho y la justicia -- La revolución en los tribunales: jueces, litigantes y formas de hacer justicia en el foro porteño. |
| 650 #0 - SUBJECT ADDED ENTRY--TOPICAL TERM | |
| Topical term or geographic name as entry element | Constitutional history |
| Geographic subdivision | Argentina |
| -- | Buenos Aires |
| Chronological subdivision | 19th century. |
| 650 #0 - SUBJECT ADDED ENTRY--TOPICAL TERM | |
| Topical term or geographic name as entry element | Civil rights |
| Geographic subdivision | Argentina |
| -- | Buenos Aires |
| General subdivision | History |
| Chronological subdivision | 19th century. |
| 651 #0 - SUBJECT ADDED ENTRY--GEOGRAPHIC NAME | |
| Geographic name | Argentina |
| General subdivision | Politics and government |
| Chronological subdivision | 1810-1817. |
| 856 40 - LOCALIZACIÓN Y ACCESO ELECTRÓNICO | |
| Identificador Uniforme del Recurso (URI/URL) | https://app.vlex.com/#/sources/40421 |
| 942 ## - | |
| -- | RAA |
| 999 ## - | |
| -- | 173214 |
| -- | 173214 |
No hay ítems disponibles.